000 00637nam a2200193Ia 4500
003 GCL
008 140319s9999 xx 000 0 ara d
040 _aGCL /
_cGCL
082 0 4 _a860.01
_bم م
100 1 _aفاضل السعدونى
245 1 0 _aماتم الام الكبيرة : مجموعة قصص قصيرة /
_cفاضل السعدونى
700 1 _aماركيز ، جابرييل جارسيا
300 _a173 ص
490 _a
650 0 4 _aالادب العالمى المترجم
650 0 4 _aالادب الاسبانى المترجم
650 0 4 _aالقصص الاسبانية القصيرة
942 _2ddc
_cBK
999 _c39856
_d39856